June in Other Languages Quiz Stats

 Plays Quiz Updated Jun 1, 2016

Challenge
Share
Tweet
Score 0/20 Timer 04:00
0 Plays Today
% Correct
English
98.2%
Chinese
86.2%
Arabic
84.5%
Russian
81.5%
French
81.3%
Spanish
79.7%
Korean
78.7%
Hebrew
69.7%
Italian
69.1%
Vietnamese
68.9%
% Correct
Polish
65.7%
Thai
64.7%
German
63.8%
Portuguese
62%
Hindi
61.7%
Finnish
49.7%
Welsh
35.9%
Turkish
31.4%
Romanian
29.4%
Swahili
15.1%

You're not logged in!

Compare scores with friends on all Sporcle quizzes.
OR
Log In

You Might Also Like...

Show Comments

Extras

Top Quizzes Today


Score Distribution

Your Account Isn't Verified!

In order to create a playlist on Sporcle, you need to verify the email address you used during registration. Go to your Sporcle Settings to finish the process.

Report this User

Report this user for behavior that violates our Community Guidelines.

Details: